Rapport sur les eaux minérales naturelles (Record no. 161542)
[ view plain ]
| 000 -LEADER | |
|---|---|
| campo de control de longitud fija | 00797nam a22001815i 4500 |
| 001 - NÚMERO DE CONTROL | |
| campo de control | 161542 |
| 003 - IDENTIFICADOR DE NÚMERO DE CONTROL | |
| campo de control | ES-MaACL |
| 005 - FECHA Y HORA DE LA ÚLTIMA TRANSACCIÓN | |
| campo de control | 20250806050953.0 |
| 008 - DATOS DE LONGITUD FIJA--INFORMACIÓN GENERAL | |
| campo de control de longitud fija | 041019s1841 fr |||| | fre d |
| 040 ## - FUENTE DE CATALOGACIÓN | |
| Centro catalogador/agencia de origen | CAM |
| Lengua de catalogación | spa |
| Centro/agencia transcriptor | CAM |
| 100 1# - ENTRADA PRINCIPAL--NOMBRE DE PERSONA | |
| Nombre de persona | Patissier, Philibert. |
| 9 (RLIN) | 130896 |
| 245 10 - MENCIÓN DEL TÍTULO | |
| Título | Rapport sur les eaux minérales naturelles |
| Resto del título | : fait au nom de la commission des eaux minérales pour les années 1838 et 1839 et lu a l'Académie Royale de Médecine le 14 aout 1841 / |
| Mención de responsabilidad, etc. | par Ph. Patissier. |
| 260 ## - PUBLICACIÓN, DISTRIBUCIÓN, ETC. | |
| Lugar de publicación, distribución, etc. | Pari : |
| Nombre del editor, distribuidor, etc. | J.-B. Baillière, |
| Fecha de publicación, distribución, etc. | 1841 ( |
| Fabricante | Cosson) |
| 300 ## - DESCRIPCIÓN FÍSICA | |
| Extensión | 76 p. ; |
| Dimensiones | 21 cm. |
| 650 #7 - PUNTO DE ACCESO ADICIONAL DE MATERIA--TÉRMINO DE MATERIA | |
| Término de materia o nombre geográfico como elemento de entrada | Aguas minerales |
| Fuente del encabezamiento o término | embne |
| 9 (RLIN) | 135517 |
| 852 ## - LOCALIZACIÓN | |
| Ubicación | ES-MaACL |
| Número de control de estantería | R-1361(2) |
| Nota libre | -- Enc. hol. |
| condición física | -- Falto de la cub. original |
| Nota libre | -- Enc. en un vol. facticio |
| -- | .- Donat. Mateo Seoane |
| Estatus retirado | Estado de pérdida | Estado de daño | No para préstamo | Colección | Biblioteca de origen | Biblioteca actual | Ubicación en estantería | Fecha de adquisición | Total de préstamos | Signatura topográfica completa | Código de barras | Visto por última vez | Precio de reemplazo | Tipo de ítem Koha |
|---|---|---|---|---|---|---|---|---|---|---|---|---|---|---|
| Libros del s. XIX | Biblioteca del Ateneo de Madrid | Biblioteca del Ateneo de Madrid | Depósito | 17/01/2008 | R-1360-71(2) | 1169212 | 23/02/2023 | 23/02/2023 | Libro impreso antiguo |
